[Event "Sparkassen-Open B"]
[Site "Heusenstamm, Martinsee"]
[Date "2022.11.19"]
[Round "4.23"]
[White "Mohr, Alwin"]
[Black "Kessler, Georg"]
[Result "1/2-1/2"]
[WhiteElo "1494"]
[BlackElo "1627"]
[PlyCount "153"]
[EventDate "2022.??.??"]
[WhiteTeam "SV Oberursel"]
[BlackTeam "SC Sulzbach-Rosenberg"]

1. e4 e5 2. Nf3 Nf6 3. Nc3 Nc6 4. Bc4 Nxe4 5. Bxf7+ Kxf7 6. Nxe4 d5 7. Neg5+
Kg8 8. d3 h6 9. Nh3 Bg4 10. c3 Qc8 11. Qe2 Qe6 12. O-O Re8 13. Re1 Bd6 14. Qe3
Bxh3 15. gxh3 Qxh3 16. Nd2 Qf5 17. c4 dxc4 18. dxc4 Nd4 19. Qe4 Qxe4 20. Rxe4
Kh7 21. b3 Rhf8 22. Bb2 Bc5 23. Kg2 Bb6 24. Rae1 Nxb3 25. axb3 Rxf2+ 26. Kh1
Rxd2 27. Bxe5 Rd7 28. b4 c6 29. Bg3 Rxe4 30. Rxe4 Rd4 31. Re7 Rxc4 32. Be5 Rg4
33. h3 Rg6 34. Rxb7 c5 35. b5 c4 36. Bc7 Bxc7 37. Rxc7 Rb6 38. Rxc4 Rxb5 39.
Kg2 Kg6 40. Kg3 Rb3+ 41. Kh4 Rb5 42. Rc6+ Kh7 43. Ra6 Rb7 44. Kg4 g6 45. h4 Kg7
46. h5 g5 47. Rg6+ Kh7 48. Ra6 Rf7 49. Kg3 Rb7 50. Kg4 Rb4+ 51. Kg3 Rh4 52.
Rxa7+ Kg8 53. Ra8+ Kf7 54. Ra7+ Ke8 55. Ra8+ Kd7 56. Ra7+ Kc8 57. Ra8+ Kb7 58.
Rg8 Rxh5 59. Rg6 Kc7 60. Kg4 Rh4+ 61. Kg3 Kd7 62. Kf3 Ke7 63. Kg3 Kf7 64. Ra6
Rf4 65. Rxh6 Rf6 66. Rxf6+ Kxf6 67. Kg4 Kg6 68. Kg3 Kf5 69. Kf3 g4+ 70. Kg3 Kg5
71. Kg2 Kh4 72. Kh2 g3+ 73. Kg2 Kg4 74. Kg1 Kh3 75. Kh1 g2+ 76. Kg1 Kh4 77.
Kxg2 1/2-1/2

[Event "Sparkassen-Open B"]
[Site "Heusenstamm, Martinsee"]
[Date "2022.11.19"]
[Round "4.25"]
[White "König, Frank"]
[Black "Pradeep, Harshill"]
[Result "1-0"]
[WhiteElo "1615"]
[BlackElo "1320"]
[PlyCount "147"]
[EventDate "2022.??.??"]
[WhiteTeam "SV Steinhausen"]
[BlackTeam "SK Bickenbach"]

1. d4 Nf6 2. Nc3 d5 3. Bf4 e6 4. Nb5 Bb4+ 5. c3 Ba5 6. b4 Bb6 7. a4 a5 8. e3
Na6 9. Qb3 O-O 10. Bd3 c6 11. Na3 axb4 12. cxb4 Nxb4 13. Ke2 Ba5 14. Nf3 b6 15.
Ne5 Nxd3 16. Nxd3 Ne4 17. Rhc1 Bb7 18. Nb1 Rb8 19. Bxb8 Qxb8 20. g3 c5 21. dxc5
bxc5 22. Qb5 Qa7 23. Nxc5 Nxc5 24. Qxc5 Bb6 25. Qc2 Qa6+ 26. Qd3 Qa7 27. Nc3 e5
28. Nb5 Qa8 29. Qb3 d4 30. exd4 exd4 31. Nc7 Qa5 32. Nb5 Re8+ 33. Kf1 Qa8 34.
Nc7 Bxc7 35. Rxc7 Bh1 36. Re7 Qg2+ 37. Ke1 Rf8 38. Ke2 Qxh2 39. Re5 Rd8 40. Rd1
Qh3 41. Rxd4 Rf8 42. Qd3 h6 43. a5 Bg2 44. Ke3 Qh1 45. Qd1 Qh3 46. Rd8 Rxd8 47.
Qxd8+ Kh7 48. Qd3+ g6 49. Re7 h5 50. Rxf7+ Kh6 51. Qd7 Qxd7 52. Rxd7 g5 53. a6
h4 54. gxh4 gxh4 55. Kf4 h3 56. Kg3 Kg6 57. a7 Kf6 58. Rh7 Ke6 59. Rxh3 Bd5 60.
Rh8 Kd7 61. a8=Q Bxa8 62. Rxa8 Ke6 63. Kf4 Kd6 64. Re8 Kd7 65. Re1 Kc6 66. Ke4
Kd7 67. Kd5 Kc7 68. Re6 Kd7 69. f3 Kc7 70. Kc5 Kd7 71. Re4 Kc8 72. Kc6 Kd8 73.
Re5 Kc8 74. Re8# 1-0

[Event "Sparkassen-Open B"]
[Site "Heusenstamm, Martinsee"]
[Date "2022.11.19"]
[Round "4.27"]
[White "Englert, Lin"]
[Black "Karres, David Tobias"]
[Result "1-0"]
[WhiteElo "1466"]
[BlackElo "1370"]
[PlyCount "49"]
[EventDate "2022.??.??"]
[WhiteTeam "TV-Großostheim"]
[BlackTeam "SF Heidelberg"]

1. d4 Nf6 2. c4 e6 3. Nc3 Bb4 4. e3 O-O 5. Nge2 c5 6. a3 Bxc3+ 7. Nxc3 cxd4 8.
exd4 d5 9. Bg5 Nbd7 10. cxd5 exd5 11. Be2 Qb6 12. Qd2 Ne4 13. Nxe4 dxe4 14. O-O
Nf6 15. Rfe1 Nd5 16. Bc4 Qc6 17. Rac1 f5 18. Qa5 Be6 19. f3 h6 20. fxe4 fxe4
21. Rxe4 Rf5 22. Qe1 Raf8 23. Rxe6 Rf1+ 24. Bxf1 Rxf1+ 25. Kxf1 1-0

[Event "Sparkassen-Open B"]
[Site "Heusenstamm, Martinsee"]
[Date "2022.11.19"]
[Round "4.29"]
[White "Schulze, Fabian"]
[Black "Schwab, Lysander"]
[Result "1-0"]
[WhiteElo "1725"]
[BlackElo "1505"]
[PlyCount "63"]
[EventDate "2022.??.??"]
[WhiteTeam "SC Steinbach"]
[BlackTeam "SC Aschaffenburg"]

1. d4 d5 2. c3 Nf6 3. f4 c6 4. Nf3 Bf5 5. e3 e6 6. Be2 Be7 7. O-O O-O 8. Nbd2
Nbd7 9. Ne5 h6 10. Ndf3 c5 11. Bd2 c4 12. Be1 Rc8 13. Bh4 Re8 14. Nxd7 Nxd7 15.
Bxe7 Rxe7 16. Nd2 b5 17. g4 Bh7 18. Rf3 Nf6 19. Rh3 Qd6 20. Qe1 g5 21. Rxh6 Kg7
22. fxg5 Ng8 23. Rh3 e5 24. Nf3 e4 25. Ne5 Re6 26. Nxf7 Kxf7 27. Rxh7+ Ke8 28.
Qf2 Rg6 29. Qf7+ Kd8 30. Rf1 Rc7 31. Qf8+ Qxf8 32. Rxf8# 1-0

[Event "Sparkassen-Open B"]
[Site "Heusenstamm, Martinsee"]
[Date "2022.11.19"]
[Round "4.30"]
[White "Bengsch, Norbert"]
[Black "Leitzig, Reamonn"]
[Result "1-0"]
[WhiteElo "1667"]
[BlackElo "1484"]
[PlyCount "99"]
[EventDate "2022.??.??"]
[WhiteTeam "SG Donautal Tuttlingen"]
[BlackTeam "SV 1934 Ffm-Griesheim"]

1. e4 c5 2. Nc3 d6 3. f4 g6 4. Nf3 Bg7 5. Bc4 Nc6 6. O-O e6 7. d3 Nge7 8. Qe1
O-O 9. a3 Nd4 10. Nxd4 cxd4 11. Ne2 Bd7 12. Bd2 b5 13. Ba2 Rc8 14. c3 Qb6 15.
Kh1 Nc6 16. Rc1 a5 17. Qf2 b4 18. c4 b3 19. Bb1 Ne7 20. Qh4 f6 21. g4 Kf7 22.
f5 Rh8 23. Bh6 Ng8 24. g5 Bxh6 25. fxe6+ Bxe6 26. gxh6 Rf8 27. Qf2 Ke7 28. Qxd4
Qxd4 29. Nxd4 a4 30. Nxe6 Kxe6 31. d4 Nxh6 32. c5 Rc8 33. d5+ Ke5 34. c6 f5 35.
Rc4 Ng4 36. exf5 Ne3 37. Re1 Kxd5 38. Rxa4 Nxf5 39. Be4+ Ke5 40. Bf3+ Kf6 41.
Bd5 Rc7 42. Rb4 Rhc8 43. Rxb3 Nd4 44. Rc3 Rb8 45. b4 Rb5 46. Bg2 d5 47. Rf1+
Ke5 48. Re3+ Kd6 49. Rf6+ Ne6 50. Re2 1-0

[Event "Sparkassen-Open B"]
[Site "Heusenstamm, Martinsee"]
[Date "2022.11.19"]
[Round "4.31"]
[White "Fritsch, Reinhold"]
[Black "Hofmann, Werner"]
[Result "1/2-1/2"]
[WhiteElo "1567"]
[BlackElo "1687"]
[PlyCount "81"]
[EventDate "2022.??.??"]
[WhiteTeam "SC Somborn 1933"]
[BlackTeam "SV 1920 Kelsterbach"]

1. e4 c6 2. Nc3 d5 3. f3 e6 4. d4 Nd7 5. Be3 Nb6 6. a3 Nf6 7. e5 Nfd7 8. f4 Be7
9. Qg4 g6 10. Bd3 c5 11. Nf3 cxd4 12. Nxd4 Nc5 13. Be2 Nba4 14. Bb5+ Bd7 15.
Nxa4 Nxa4 16. Bxd7+ Qxd7 17. Rb1 Nc5 18. O-O Ne4 19. Qe2 O-O 20. Rfc1 Rfc8 21.
Nf3 b5 22. Kf1 Rc4 23. Nd2 Nxd2+ 24. Qxd2 Rac8 25. c3 Qc7 26. Qf2 Re4 27. Bxa7
Qc4+ 28. Kg1 Rxf4 29. Qd2 Bg5 30. Be3 Qe4 31. Bxf4 Bxf4 32. Qe1 Bxc1 33. Rxc1
Qf5 34. Qe2 Rc4 35. Rf1 Rf4 36. Rxf4 Qxf4 37. Qxb5 Qxe5 38. Qf1 Qe3+ 39. Kh1
Kf8 40. h3 Qd2 41. Qb5 1/2-1/2

[Event "Sparkassen-Open B"]
[Site "Heusenstamm, Martinsee"]
[Date "2022.11.19"]
[Round "4.32"]
[White "Valean, David-Andrei"]
[Black "Reinhold, Günther"]
[Result "1/2-1/2"]
[WhiteElo "1418"]
[BlackElo "1681"]
[PlyCount "83"]
[EventDate "2022.??.??"]
[WhiteTeam "TG Schweinfurt 1848"]
[BlackTeam "Frankfurter TV 1860"]

1. e4 c5 2. Nf3 e6 3. Nc3 a6 4. d4 cxd4 5. Nxd4 Qc7 6. a3 Nf6 7. Be3 b5 8. Bd3
Bb7 9. Qe2 d6 10. O-O Be7 11. Rad1 O-O 12. f3 Nbd7 13. Qf2 Rac8 14. Nce2 Ne5
15. h3 Nc4 16. Bxc4 Qxc4 17. c3 Qc7 18. Qg3 Kh8 19. Rd2 Nh5 20. Qf2 d5 21. exd5
Bxd5 22. g4 Nf6 23. Bg5 h6 24. Bh4 Qb7 25. Bg3 Nh7 26. h4 f6 27. Nf4 e5 28.
Ng6+ Kg8 29. Nxe7+ Qxe7 30. Nf5 Qb7 31. Nd6 Qc6 32. Nxc8 Rxc8 33. Qe2 Bc4 34.
Qe4 Qxe4 35. fxe4 Bxf1 36. Kxf1 Rc6 37. Rd5 g5 38. h5 Nf8 39. Ke2 Ne6 40. Kf3
Nc5 41. Bf2 Na4 42. Rd2 1/2-1/2

[Event "Sparkassen-Open B"]
[Site "Heusenstamm, Martinsee"]
[Date "2022.11.19"]
[Round "4.34"]
[White "Köberl, Christiane"]
[Black "Drewes, Thomas"]
[Result "1/2-1/2"]
[WhiteElo "1492"]
[BlackElo "1676"]
[PlyCount "104"]
[EventDate "2022.??.??"]
[WhiteTeam "SC Sulzbach"]
[BlackTeam "SV Würzburg von 1865"]

1. e4 d6 2. Nf3 Nf6 3. Nc3 c5 4. d4 cxd4 5. Nxd4 Nc6 6. Bb5 Bd7 7. O-O g6 8. f4
a6 9. Bxc6 bxc6 10. e5 dxe5 11. fxe5 Bg4 12. Qd3 c5 13. Nb3 Qxd3 14. cxd3 Nd7
15. Nd5 Rc8 16. Bf4 Be6 17. Ne3 Bg7 18. Nc4 Bxc4 19. dxc4 Bxe5 20. Bh6 Nb6 21.
Rae1 f6 22. Bg7 Rg8 23. Bxf6 exf6 24. Rxf6 Nxc4 25. Re4 Ke7 26. Rxa6 Nxb2 27.
Rxe5+ Kf7 28. Rxc5 Rxc5 29. Nxc5 Rc8 30. Ra7+ Kf6 31. Ne4+ Ke5 32. Ng3 Rc1+ 33.
Kf2 Rc2+ 34. Ne2 h5 35. Kf3 g5 36. Ra5+ Kf6 37. Nd4 Rc3+ 38. Ke4 Nc4 39. Ra6+
Kf7 40. Kf5 Ne3+ 41. Kxg5 Rc5+ 42. Kf4 Nxg2+ 43. Ke4 Nh4 44. a4 Ng6 45. a5 Re5+
46. Kf3 Rd5 47. Ra7+ Kf6 48. Nc6 Ne5+ 49. Nxe5 Rxe5 50. a6 Kg5 51. Ra8 Kh4 52.
a7 Ra5 1/2-1/2

[Event "Sparkassen-Open B"]
[Site "Heusenstamm, Martinsee"]
[Date "2022.11.19"]
[Round "4.35"]
[White "Homfeldt, Maren"]
[Black "Lorenz sr., Alexander"]
[Result "0-1"]
[WhiteElo "1104"]
[BlackElo "1236"]
[PlyCount "104"]
[EventDate "2022.??.??"]
[WhiteTeam "SC Noris-Tarrasch Nürnberg"]
[BlackTeam "SV Bergwinkel"]

1. g3 Nf6 2. Nf3 c5 3. Bg2 d6 4. c4 g6 5. Nc3 Bg7 6. Ng5 O-O 7. Qb3 Qc7 8. Nd5
Nxd5 9. Bxd5 e6 10. Be4 Nd7 11. g4 Nf6 12. Qf3 Rb8 13. a4 b6 14. Ra2 h6 15. Nh3
Nxe4 16. Qxe4 Bb7 17. Qd3 Bxh1 18. f3 Bg2 19. Nf4 Bh1 20. e4 d5 21. Nh3 Qxh2
22. Qf1 Bg2 23. Qg1 Qxg1+ 24. Nxg1 Bd4 25. Ne2 Bxf3 26. Nxd4 cxd4 27. exd5 Bxg4
28. d3 g5 29. b3 exd5 30. cxd5 Rbd8 31. Rf2 Rxd5 32. Rf6 Kg7 33. Rc6 Rc5 34.
Rxc5 bxc5 35. Ba3 Re8+ 36. Kf2 Be2 37. Bxc5 a6 38. Bxd4+ Kg6 39. b4 Bxd3 40.
Be3 Re4 41. b5 axb5 42. a5 b4 43. Bc1 f5 44. a6 Bxa6 45. Kg3 f4+ 46. Kf3 Bb7
47. Kg4 h5+ 48. Kh3 f3 49. Kg3 Rg4+ 50. Kh3 f2 51. Kh2 f1=Q 52. Be3 Qg2# 0-1

[Event "Sparkassen-Open B"]
[Site "Heusenstamm, Martinsee"]
[Date "2022.11.19"]
[Round "4.36"]
[White "Haas, Vanessa"]
[Black "Kluge, Joscha"]
[Result "1/2-1/2"]
[WhiteElo "1666"]
[BlackElo "1533"]
[PlyCount "48"]
[EventDate "2022.??.??"]
[WhiteTeam "SC FK Babenhausen 1994"]
[BlackTeam "SC Bergen-Enkheim 1922"]

1. e4 d6 2. d4 Nf6 3. Bd3 g6 4. f3 Bg7 5. Be3 c5 6. Ne2 O-O 7. c3 Nc6 8. dxc5
dxc5 9. Bxc5 Qc7 10. Bc2 b6 11. Be3 Rd8 12. Qc1 Ba6 13. Bh6 Ne5 14. Na3 Nfd7
15. Bxg7 Kxg7 16. Qe3 Nc5 17. O-O Ncd3 18. b4 Nb2 19. Rfe1 Rac8 20. Nb1 Nec4
21. Qf2 Nd2 22. Qg3 e5 23. Bb3 f6 24. Bd5 Ndc4 1/2-1/2

[Event "Sparkassen-Open B"]
[Site "Heusenstamm, Martinsee"]
[Date "2022.11.19"]
[Round "4.37"]
[White "Spelleken, Mark"]
[Black "Wöhl, Torsten"]
[Result "1-0"]
[WhiteElo "1520"]
[BlackElo "1515"]
[PlyCount "115"]
[EventDate "2022.??.??"]
[WhiteTeam "SC Kahl"]
[BlackTeam "SC Groß-Zimmern"]

1. d4 e6 2. Nf3 b6 3. Bf4 Nf6 4. e3 d5 5. c4 Bb4+ 6. Nbd2 O-O 7. a3 Be7 8. Rc1
Bb7 9. Bg3 Nh5 10. Be5 Nf6 11. cxd5 Nxd5 12. e4 Nf6 13. Bxc7 Qd7 14. Bxb8 Raxb8
15. Bd3 Nh5 16. O-O Nf4 17. Bb1 Ba6 18. Re1 Qb5 19. Rc2 Qh5 20. Ne5 Qxd1 21.
Rxd1 Rb7 22. Kh1 f6 23. Nef3 Rd7 24. Nb3 Be2 25. Re1 Ba6 26. Rc3 Rc8 27. Rce3
g5 28. h4 g4 29. Nh2 f5 30. exf5 Bb7 31. Rg1 Nh3 32. Rf1 Nf4 33. f3 Bxh4 34.
fxe6 Re7 35. Nxg4 Bg5 36. Re5 h6 37. Rfe1 Bd5 38. Nd2 Ba2 39. Bf5 Nh5 40. Ne4
Bf4 41. Nef6+ Nxf6 42. Nxf6+ Kh8 43. R5e4 Rc1 44. Rxc1 Bxc1 45. Re2 Bg5 46. Ne4
Bc4 47. Re1 Kg7 48. Nxg5 hxg5 49. Kg1 Kf6 50. Be4 Rxe6 51. Kf2 Kg7 52. Ke3 Bd5
53. Kd3 Bb7 54. Rc1 Ba6+ 55. Ke3 Re7 56. Rd1 g4 57. d5 gxf3 58. gxf3 1-0

[Event "Sparkassen-Open B"]
[Site "Heusenstamm, Martinsee"]
[Date "2022.11.19"]
[Round "4.38"]
[White "Kosak, Karolina"]
[Black "Heller, Holger"]
[Result "1-0"]
[WhiteElo "1396"]
[BlackElo "1648"]
[PlyCount "133"]
[EventDate "2022.??.??"]
[WhiteTeam "SV Frankfurt Nord 1926"]
[BlackTeam "TuS Dotzheim"]

1. e4 e5 2. Nf3 d6 3. d4 exd4 4. Nxd4 Nf6 5. Nc3 Be7 6. Bd3 O-O 7. O-O c5 8.
Nde2 Nc6 9. Ng3 Bg4 10. f3 Be6 11. Re1 c4 12. Bf1 h5 13. Be3 g6 14. Qd2 Nh7 15.
Nd5 Bg5 16. Bxg5 Nxg5 17. Bxc4 h4 18. Nf1 h3 19. f4 hxg2 20. Qxg2 Nh3+ 21. Kh1
Qh4 22. Qg3 Qxg3 23. hxg3 Nf2+ 24. Kg2 Ng4 25. Nfe3 Nd4 26. Nxg4 Bxd5 27. Bxd5
Nxc2 28. Rac1 Nxe1+ 29. Rxe1 Kg7 30. Rc1 Rac8 31. Rxc8 Rxc8 32. Bxb7 Rc2+ 33.
Kf3 Rxb2 34. Bd5 Rd2 35. Ne3 Kf8 36. Bb3 f6 37. Nd5 Kg7 38. Ne3 Rd3 39. Ke2 Rc3
40. Kd2 Rc8 41. Nc4 Rd8 42. Ne3 Rh8 43. Nc4 Rd8 44. Na5 Rc8 45. Bd5 Rc7 46. Nc4
Rd7 47. Be6 Rd8 48. Kd3 Kf8 49. Kd4 Ke7 50. f5 g5 51. Na5 Rh8 52. Nc6+ Ke8 53.
Nxa7 Rh3 54. Ke3 Rxg3+ 55. Kf2 Ra3 56. Nb5 Ra5 57. Nxd6+ Ke7 58. Nc8+ Kd8 59.
Nb6 Re5 60. Kf3 g4+ 61. Kxg4 Rxe4+ 62. Kh5 Rxe6 63. fxe6 Ke7 64. a4 Kxe6 65. a5
Kd6 66. a6 Kc6 67. a7 1-0

[Event "Sparkassen-Open B"]
[Site "Heusenstamm, Martinsee"]
[Date "2022.11.19"]
[Round "4.39"]
[White "Fettig, Michel"]
[Black "Sitta, Stefan"]
[Result "0-1"]
[WhiteElo "1403"]
[BlackElo "1611"]
[PlyCount "82"]
[EventDate "2022.??.??"]
[WhiteTeam "SC ML Kastellaun"]
[BlackTeam "Sfr Stiller Zug Wiesbaden"]

1. e4 d6 2. d4 Nf6 3. Nc3 Nbd7 4. Bc4 e5 5. d5 Be7 6. Nge2 O-O 7. O-O Nc5 8.
Ng3 c6 9. b4 Ncd7 10. Nf5 Nb6 11. Nxe7+ Qxe7 12. Bb3 h6 13. Be3 Bg4 14. f3 Bh5
15. Qd2 Bg6 16. Ne2 cxd5 17. exd5 Rac8 18. Rac1 Nc4 19. Bxc4 Rxc4 20. c3 b6 21.
a3 Rfc8 22. h3 Kh7 23. Rfd1 Nh5 24. Qe1 f5 25. Bf2 Bf7 26. Nd4 Qd7 27. Ne2 Nf6
28. Rd2 Nxd5 29. Rdc2 Nf4 30. Nxf4 Rxf4 31. Qd2 Rfc4 32. Bg3 f4 33. Bf2 Qc6 34.
Be1 Bg6 35. Ra2 d5 36. a4 d4 37. Qe2 e4 38. fxe4 Bxe4 39. b5 Qd5 40. Rd1 d3 41.
Qg4 f3 0-1

[Event "Sparkassen-Open B"]
[Site "Heusenstamm, Martinsee"]
[Date "2022.11.19"]
[Round "4.40"]
[White "Mammadov, Kamal"]
[Black "Traut, Stefan"]
[Result "1-0"]
[WhiteElo "1481"]
[BlackElo "1581"]
[PlyCount "49"]
[EventDate "2022.??.??"]
[WhiteTeam "SC Aschaffenburg"]
[BlackTeam "SF Heusenstamm"]

1. Nf3 Nf6 2. g3 g6 3. d3 Bg7 4. e4 d6 5. Bg2 O-O 6. O-O Nbd7 7. c3 c5 8. Re1
b6 9. e5 dxe5 10. Nxe5 Rb8 11. Bf4 Bb7 12. Nxd7 Nxd7 13. Bxb8 Qxb8 14. Rxe7 Qc8
15. Nd2 Bf6 16. Re1 Bxg2 17. Kxg2 Ne5 18. Ne4 Be7 19. f4 Nc6 20. Qf3 Qd7 21.
Rad1 Rd8 22. Re3 b5 23. g4 b4 24. f5 Bd6 25. Nf6+ 1-0

[Event "Sparkassen-Open B"]
[Site "Heusenstamm, Martinsee"]
[Date "2022.11.19"]
[Round "4.41"]
[White "Pichl, Johann"]
[Black "Alt, Johannes"]
[Result "1/2-1/2"]
[WhiteElo "1414"]
[BlackElo "1433"]
[PlyCount "72"]
[EventDate "2022.??.??"]
[WhiteTeam "SK Bad Homburg 1927"]
[BlackTeam "Sfr.Heidesheim"]

1. d4 Nf6 2. c4 g6 3. Nc3 Bg7 4. Nf3 O-O 5. Bg5 d6 6. e3 Nbd7 7. Be2 h6 8. Bh4
e5 9. Qc2 g5 10. Bg3 Qe7 11. d5 Ne8 12. h4 g4 13. Nd2 f5 14. h5 Nc5 15. f3 Nf6
16. O-O-O a5 17. fxg4 Nxg4 18. Bxg4 fxg4 19. Rdf1 Bd7 20. Bh4 Rxf1+ 21. Nxf1
Qf7 22. Ng3 Rf8 23. Rf1 Qe8 24. Rxf8+ Qxf8 25. Qe2 Bf6 26. Bxf6 Qxf6 27. Nge4
Nxe4 28. Nxe4 Qf7 29. Qf2 Qxf2 30. Nxf2 Kg7 31. Ne4 Bf5 32. Ng3 Kf6 33. Kd2 Bd7
34. Ne4+ Kf5 35. Ng3+ Kf6 36. Ne4+ Kf5 1/2-1/2

[Event "Sparkassen-Open B"]
[Site "Heusenstamm, Martinsee"]
[Date "2022.11.19"]
[Round "4.42"]
[White "Scheerer, Amelie"]
[Black "Michalski, Uwe"]
[Result "0-1"]
[WhiteElo "1158"]
[BlackElo "1671"]
[PlyCount "36"]
[EventDate "2022.??.??"]
[WhiteTeam "SV 1934 Ffm-Griesheim"]
[BlackTeam "Sfr.Mainz 1928"]

1. e4 e5 2. Nf3 Nc6 3. Bc4 f5 4. d3 Bc5 5. Nc3 f4 6. O-O d6 7. h3 g5 8. Nd5 g4
9. hxg4 Bxg4 10. Bb5 a6 11. Bxc6+ bxc6 12. Nc3 Qf6 13. Na4 Ba7 14. b3 Ne7 15.
Bb2 Ng6 16. g3 fxg3 17. Kg2 Nh4+ 18. Kxg3 Qf4+ 0-1

[Event "Sparkassen-Open B"]
[Site "Heusenstamm, Martinsee"]
[Date "2022.11.19"]
[Round "4.43"]
[White "Kähm, Kevin"]
[Black "Carvelli, Nicolas"]
[Result "1/2-1/2"]
[WhiteElo "1696"]
[BlackElo "1412"]
[PlyCount "71"]
[EventDate "2022.??.??"]
[WhiteTeam "SK Bischofsheim"]
[BlackTeam "SF Seligenstadt"]

1. d4 Nf6 2. Nf3 e6 3. c4 b6 4. e3 Bb7 5. Be2 Be7 6. O-O O-O 7. Nc3 Bb4 8. Qb3
Bxc3 9. bxc3 Ne4 10. Ba3 d6 11. Rad1 Nd7 12. Qc2 f5 13. Ne1 Qg5 14. Bc1 Qg6 15.
f3 Ng5 16. Bd3 Qh5 17. Be2 Qg6 18. e4 fxe4 19. Bxg5 Qxg5 20. fxe4 Qe3+ 21. Kh1
Bxe4 22. Qd2 Qxd2 23. Rxd2 Rxf1+ 24. Bxf1 Rf8 25. Be2 Rf6 26. Kg1 Kf7 27. Nf3
Bxf3 28. Bxf3 g5 29. a4 a5 30. h3 Nf8 31. Kh2 Ng6 32. c5 bxc5 33. dxc5 d5 34.
Rb2 c6 35. Rb7+ Ne7 36. Bh5+ 1/2-1/2

[Event "Sparkassen-Open B"]
[Site "Heusenstamm, Martinsee"]
[Date "2022.11.19"]
[Round "4.44"]
[White "Belin, Anton"]
[Black "Matsoukas, Konstantinos"]
[Result "1/2-1/2"]
[WhiteElo "1495"]
[BlackElo "1108"]
[PlyCount "104"]
[EventDate "2022.??.??"]
[WhiteTeam "SK Bad Homburg 1927"]
[BlackTeam "Frankfurter TV 1860"]

1. e4 e5 2. Nf3 Nc6 3. Nc3 Nf6 4. d4 exd4 5. Nxd4 Bb4 6. Nxc6 bxc6 7. Qd4 Bxc3+
8. bxc3 h6 9. Bd3 O-O 10. O-O d5 11. e5 Nd7 12. Ba3 Re8 13. Rae1 Qg5 14. f4 Qh4
15. Re3 Nf8 16. Rg3 Ne6 17. Qf2 Kh8 18. f5 Ng5 19. f6 g6 20. Bxg6 Rxe5 21. Bxf7
Rf5 22. Qc5 Rxf1+ 23. Kxf1 Ba6+ 24. Kg1 Ne4 25. Qxc6 Rb8 26. Bb4 Nxg3 27. hxg3
Qc4 28. Qxc4 Bxc4 29. a4 Rb6 30. Be7 Rb1+ 31. Kh2 Rf1 32. g4 Kh7 33. Be6 Kg6
34. f7 Rxf7 35. Bxf7+ Kxf7 36. Bc5 a6 37. Kg3 Be2 38. Kf4 Bd1 39. a5 Bxc2 40.
Bb6 c6 41. Ke5 Kg6 42. Be3 h5 43. gxh5+ Kxh5 44. g3 Kg4 45. Bf4 Ba4 46. Kd6 Bb5
47. Kc5 Kf5 48. Kb6 Kg4 49. Bd6 Kf5 50. Kc5 Kg4 51. Kd4 Kf5 52. Ke3 Kg4 1/2-1/2

[Event "Sparkassen-Open B"]
[Site "Heusenstamm, Martinsee"]
[Date "2022.11.19"]
[Round "4.45"]
[White "Kirchner, Stefan"]
[Black "Hofmann, André"]
[Result "1-0"]
[WhiteElo "1577"]
[BlackElo "1254"]
[PlyCount "33"]
[EventDate "2022.??.??"]
[WhiteTeam "SF Schöneck"]
[BlackTeam "Düsseldorfer SV 1854"]

1. e4 e6 2. d4 d5 3. Nd2 Bb4 4. c3 Ba5 5. Bd3 dxe4 6. Nxe4 Nc6 7. Nf3 Nge7 8.
O-O h6 9. Bd2 Ng6 10. Re1 Nce5 11. Bc2 Nxf3+ 12. Qxf3 c6 13. Nc5 Bc7 14. Nxe6
Bxe6 15. Rxe6+ Ne7 16. Re2 Rf8 17. Rae1 1-0

[Event "Sparkassen-Open B"]
[Site "Heusenstamm, Martinsee"]
[Date "2022.11.19"]
[Round "4.46"]
[White "Schmidt, Moritz"]
[Black "Bergner, Matthias"]
[Result "1-0"]
[WhiteElo "1442"]
[BlackElo "1574"]
[PlyCount "38"]
[EventDate "2022.??.??"]
[WhiteTeam "SVG 1920 Plettenberg"]
[BlackTeam "SV 1926 Neu-Isenburg"]

1. e4 e6 2. d4 d5 3. Nc3 Nf6 4. Bd3 Bb4 5. exd5 Nxd5 6. Bd2 Nxc3 7. Bxc3 Bxc3+
8. bxc3 O-O 9. Nf3 Nd7 10. Qe2 c5 11. O-O cxd4 12. cxd4 Nf6 13. c3 b6 14. Qe3
Bb7 15. Ne5 Rc8 16. Rac1 Nd5 17. Qe4 g6 18. c4 f6 19. Nxg6 f5 1-0

[Event "Sparkassen-Open B"]
[Site "Heusenstamm, Martinsee"]
[Date "2022.11.19"]
[Round "4.47"]
[White "Sensoy, Emir"]
[Black "Gärtner, David"]
[Result "1-0"]
[WhiteElo "1323"]
[BlackElo "1116"]
[PlyCount "119"]
[EventDate "2022.??.??"]
[WhiteTeam "MSA Zugzwang 82"]
[BlackTeam "Sfr.Mainz 1928"]

1. c4 Nf6 2. Nc3 g6 3. g3 Bg7 4. Bg2 c5 5. e3 d6 6. Nge2 O-O 7. O-O Nc6 8. d4
cxd4 9. Nxd4 Bd7 10. a3 a5 11. Re1 Rb8 12. Bd2 Qb6 13. Ndb5 Ne5 14. b3 Bc6 15.
e4 Nfg4 16. Qe2 Rbe8 17. Rad1 f5 18. Na4 Qd8 19. Bf4 Qc8 20. Na7 Qd7 21. Nc5
dxc5 22. Rxd7 Bxd7 23. h3 Nh6 24. Qd2 Nhf7 25. Bxe5 Nxe5 26. f4 Nc6 27. Qxd7
Bd4+ 28. Kh1 Nxa7 29. Qxb7 Nc8 30. exf5 Nd6 31. Qd5+ Kh8 32. fxg6 hxg6 33. Qg5
Rf6 34. Qh6+ Kg8 35. Bd5+ e6 36. Bc6 Re7 37. f5 gxf5 38. Qd2 Ra7 39. Rf1 Rc7
40. Bg2 Ra7 41. g4 fxg4 42. Rxf6 Bxf6 43. Qxd6 gxh3 44. Qxe6+ Kg7 45. Qg4+ Kf8
46. Bd5 Bg7 47. Qf5+ Ke8 48. Qc8+ Ke7 49. Qxc5+ Kf6 50. Qxa7 Bh6 51. Qb6+ Kg5
52. Bf7 a4 53. Qg6+ Kf4 54. Qxh6+ Ke4 55. Qd6 axb3 56. Qd5+ Kf4 57. Bg6 Ke3 58.
Qd3+ Kf4 59. Qe4+ Kg3 60. Bh5 1-0

[Event "Sparkassen-Open B"]
[Site "Heusenstamm, Martinsee"]
[Date "2022.11.19"]
[Round "4.48"]
[White "Martens, Marcus"]
[Black "Zhang, Taihao"]
[Result "1-0"]
[WhiteElo "1559"]
[BlackElo "1152"]
[PlyCount "55"]
[EventDate "2022.??.??"]
[WhiteTeam "Sfr Stiller Zug Wiesbaden"]
[BlackTeam "vereinslos"]

1. d4 c5 2. Nf3 cxd4 3. Nxd4 Nc6 4. c3 e6 5. Bf4 Nf6 6. e3 Be7 7. Be2 O-O 8.
O-O d6 9. Nf3 Qb6 10. Qb3 Qxb3 11. axb3 e5 12. Bg5 Ne4 13. Bxe7 Nxe7 14. Nbd2
Bf5 15. Nxe4 Bxe4 16. b4 Rfd8 17. Rfd1 a6 18. Rd2 Rd7 19. Nxe5 Rdd8 20. Rad1 f6
21. Nc4 d5 22. Nb6 Ra7 23. f3 Bg6 24. Nxd5 Nxd5 25. Rxd5 Rxd5 26. Rxd5 b5 27.
Bd3 Be8 28. Rd8 1-0

[Event "Sparkassen-Open B"]
[Site "Heusenstamm, Martinsee"]
[Date "2022.11.19"]
[Round "4.50"]
[White "Schmitz, Bernhard Hubert"]
[Black "Herrmann, Gerhard"]
[Result "0-1"]
[WhiteElo "1375"]
[BlackElo "1528"]
[PlyCount "45"]
[EventDate "2022.??.??"]
[WhiteTeam "Vorw.Orient Mainz"]
[BlackTeam "SC Königsspringer Alzenau"]

1. d4 d5 2. c4 e6 3. Nc3 Nf6 4. Nf3 Be7 5. Bf4 O-O 6. e3 b6 7. cxd5 exd5 8. Bd3
Bb7 9. O-O Nbd7 10. Rb1 c5 11. dxc5 Bxc5 12. b4 Be7 13. Nb5 a6 14. Nd6 Bxd6 15.
Bxd6 Re8 16. h3 Ne4 17. Bh2 Nc3 18. Qc2 Nxb1 19. Qxb1 Nf6 20. Bc2 Ne4 21. Qb3
Rc8 22. Bxe4 Rxe4 23. Ng5 0-1

[Event "Sparkassen-Open B"]
[Site "Heusenstamm, Martinsee"]
[Date "2022.11.19"]
[Round "4.52"]
[White "Niesel, Sebastian"]
[Black "Laux, Filip"]
[Result "1/2-1/2"]
[WhiteElo "1312"]
[BlackElo "1446"]
[PlyCount "53"]
[EventDate "2022.??.??"]
[WhiteTeam "SV 1934 Ffm-Griesheim"]
[BlackTeam "VSG 1880 Offenbach"]

1. e4 c6 2. d4 d5 3. exd5 cxd5 4. Bd3 Nc6 5. c3 Nf6 6. Bf4 Bg4 7. Qb3 Qb6 8.
Qc2 e6 9. Nd2 Rc8 10. Qb3 Qxb3 11. Nxb3 Be7 12. Ne2 O-O 13. O-O a5 14. a4 Nd7
15. Ng3 Bh4 16. h3 Bxg3 17. fxg3 Bh5 18. Bd6 Rfd8 19. Nc5 Nxc5 20. dxc5 Ra8 21.
Rf2 Rdc8 22. Raf1 Nd8 23. g4 Bg6 24. Bxg6 hxg6 25. Be7 Rc7 26. Bxd8 Rxd8 27. g5
1/2-1/2